La révolution de l'electronique : Histoire, principes, réalisations, perspectives
Guardat en:
| Autor principal: | |
|---|---|
| Format: | Llibre |
| Idioma: | Undetermined |
| Publicat: |
Paris
Marabout universite
1967
|
| Matèries: | |
| Etiquetes: |
Afegir etiqueta
Sense etiquetes, Sigues el primer a etiquetar aquest registre!
|
| Thư viện lưu trữ: | Trung tâm Học liệu Trường Đại học Cần Thơ |
|---|
| LEADER | 00555nam a2200205Ia 4500 | ||
|---|---|---|---|
| 001 | CTU_97947 | ||
| 008 | 210402s9999 xx 000 0 und d | ||
| 082 | |a 621.38109 | ||
| 082 | |b H236 | ||
| 100 | |a Handel, S. | ||
| 245 | 0 | |a La révolution de l'electronique : | |
| 245 | 0 | |b Histoire, principes, réalisations, perspectives | |
| 245 | 0 | |c S. Handel | |
| 260 | |a Paris | ||
| 260 | |b Marabout universite | ||
| 260 | |c 1967 | ||
| 650 | |a Electronics | ||
| 650 | |x History | ||
| 904 | |i Năm | ||
| 980 | |a Trung tâm Học liệu Trường Đại học Cần Thơ | ||